| 000 | 00718nam a22002297a 4500 | ||
|---|---|---|---|
| 999 |
_c11175 _d11175 |
||
| 003 | AR-CdUCM | ||
| 008 | 190403b ||||| |||| 00| 0 spa d | ||
| 040 |
_aMUNICIPALIDAD PROVINCIAL DEL CUSCO _cBIBLIOTECA MUNICIPAL DEL CUSCO |
||
| 082 |
_aEP / 372.460 / _bL59 |
||
| 110 |
_aNavarrete _927245 |
||
| 245 |
_aDescubrir 1 : _bLibro de lectura navarrete / |
||
| 260 |
_aLima : _bNavarrete, |
||
| 300 |
_a144 paginas ; _bilustraciones, graficos, dibujos, _c23 cm. |
||
| 440 |
_aDescubrir _n1 _928395 |
||
| 500 | _aLibro de lectura | ||
| 650 |
_aCuaderno de trabajo _911620 |
||
| 650 |
_aDescubrir _928396 |
||
| 650 |
_aLiteratura _983 |
||
| 700 |
_aTincopa Calle, Lila _927609 |
||
| 942 |
_2ddc _cLIBROS |
||
| 945 | _apjha | ||